|
|
|
|
| LEADER |
01835nam a2200409 a 4500 |
| 001 |
EBC1380179 |
| 003 |
MiAaPQ |
| 005 |
20200520144314.0 |
| 006 |
m o d | |
| 007 |
cr cn||||||||| |
| 008 |
130221s2013 njuad sb 001 0 eng d |
| 010 |
|
|
|z 2013005826
|
| 020 |
|
|
|z 9781118278444 (cloth : alk. paper)
|
| 020 |
|
|
|a 9781118419656 (electronic bk.)
|
| 035 |
|
|
|a (MiAaPQ)EBC1380179
|
| 035 |
|
|
|a (Au-PeEL)EBL1380179
|
| 035 |
|
|
|a (CaPaEBR)ebr10748660
|
| 035 |
|
|
|a (CaONFJC)MIL511719
|
| 035 |
|
|
|a (OCoLC)862821796
|
| 040 |
|
|
|a MiAaPQ
|c MiAaPQ
|d MiAaPQ
|
| 050 |
|
4 |
|a HG4523
|b .M2677 2013
|
| 082 |
0 |
4 |
|a 332/.0415
|2 23
|
| 245 |
0 |
0 |
|a Market microstructure in emerging and developed markets
|h [electronic resource] :
|b price discovery, information flows, and transaction costs /
|c editors, H. Kent Baker, Halil Kiymaz.
|
| 260 |
|
|
|a Hoboken, N.J. :
|b John Wiley & Sons, Inc.,
|c 2013.
|
| 300 |
|
|
|a ix, 534 p. :
|b ill.
|
| 490 |
1 |
|
|a The Robert W. Kolb series in finance
|
| 504 |
|
|
|a Includes bibliographical references and index.
|
| 505 |
0 |
|
|a pt. I. Introduction to market microstructure -- pt. II. Market architecture and design -- pt. III. Price formation and price discovery -- pt. IV. Transaction costs, timing costs, and information disclosure -- pt. V. Microstructure issues in emerging markets.
|
| 533 |
|
|
|a Electronic reproduction. Ann Arbor, MI : ProQuest, 2015. Available via World Wide Web. Access may be limited to ProQuest affiliated libraries.
|
| 650 |
|
0 |
|a Capital market.
|
| 650 |
|
0 |
|a Finance.
|
| 655 |
|
4 |
|a Electronic books.
|
| 700 |
1 |
|
|a Baker, H. Kent
|q (Harold Kent),
|d 1944-
|
| 700 |
1 |
|
|a Kiymaz, Halil,
|d 1964-
|
| 710 |
2 |
|
|a ProQuest (Firm)
|
| 830 |
|
0 |
|a Robert W. Kolb series in finance.
|
| 856 |
4 |
0 |
|u https://ebookcentral.proquest.com/lib/matrademy/detail.action?docID=1380179
|z Click to View
|